[Event "AUTO-INT-1226"]
[Site "http://www.queenalice.com/game.php?id=549627"]
[Date "2009.3.3"]
[Round "1"]
[White "ploofy"]
[Black "DrIgO"]
[Result "0-1"]
[WhiteElo "1301"]
[BlackElo "1521"]

1. e4 d5 2. Nc3 d4 3. Nb1 g6 4. g3 Bg7 5. d3 Nf6 6. Nf3 O-O 7. Bg2 Bg4 8. O-O
Nc6 9. c4 dxc3 10. bxc3 Ne5 11. Nbd2 Nxd3 12. Ba3 c5 13. h3 Qa5 14. Qc2 c4 15.
hxg4 Qxa3 16. g5 Ng4 17. Bh3 Ngxf2 18. Rxf2 Bxc3 19. Rc1 Nxc1 0-1

[Event "AUTO-INT-1226"]
[Site "http://www.queenalice.com/game.php?id=549640"]
[Date "2009.3.3"]
[Round "1"]
[White "ploofy"]
[Black "Archer"]
[Result "0-1"]
[WhiteElo "1474"]
[BlackElo "1595"]

1. e4 d6 2. g3 e5 3. Bg2 h5 4. Nf3 g5 5. O-O h4 6. Nc3 h3 7. Bh1 Bg4 8. d3 Nc6
9. a3 Bh6 10. Ne2 Qf6 11. Nc3 Nd4 12. Nd2 Bxd1 13. Rxd1 Nxc2 14. Ra2 g4 15. b4
Nd4 16. Re1 Bxd2 17. Bxd2 Nf3+ 18. Bxf3 Qxf3 19. Na4 Qg2# 0-1

[Event "AUTO-INT-1226"]
[Site "http://www.queenalice.com/game.php?id=549641"]
[Date "2009.3.3"]
[Round "1"]
[White "Archer"]
[Black "ploofy"]
[Result "1-0"]
[WhiteElo "1630"]
[BlackElo "1424"]

1. e4 e5 2. Bc4 Nf6 3. d4 d6 4. dxe5 dxe5 5. Qxd8+ Kxd8 6. Bxf7 Nxe4 7. f3 Ng5
8. Bxg5+ Be7 9. Be3 Rf8 10. Bb3 b6 11. a3 Nc6 12. Nc3 Bb7 13. O-O-O+ Kc8 14.
Be6+ Kb8 15. Rd7 Bf6 16. f4 Bc8 17. Rf7 Rxf7 18. Bxf7 a6 19. fxe5 Nxe5 20. Be8
Ka7 21. Nd5 Bh4 22. g3 Bd8 23. Ne2 Bb7 24. Rd1 c6 25. Ndf4 g6 26. h4 Bc7 27. Bd7
a5 28. Be6 Bc8 29. Nd4 c5 30. Nb5+ Ka6 31. Nxc7+ Kb7 32. Nxa8 1-0

[Event "Challenge"]
[Site "http://www.queenalice.com/game.php?id=555794"]
[Date "2009.3.14"]
[Round "-"]
[White "ploofy"]
[Black "mapecole"]
[Result "0-1"]
[WhiteElo "1340"]
[BlackElo "1403"]

1. e4 e5 2. Nc3 Bc5 3. Nf3 f6 4. g3 d6 5. Bg2 c6 6. d3 Qa5 7. O-O b5 8. a3 b4 9.
Nb1 Bg4 10. h3 Bxf3 11. Bxf3 Qb6 12. c3 bxc3 13. Nxc3 Ne7 14. Na4 Qb5 15. Nxc5
Qxc5 16. b4 Qc3 0-1

[Event "Let's Play Chess!"]
[Site "http://www.queenalice.com/game.php?id=1086939"]
[Date "2012.7.27"]
[Round "-"]
[White "ploofy"]
[Black "ThiagoSousa"]
[Result "0-1"]
[WhiteElo "1265"]
[BlackElo "1067"]

1. e4 d5 2. Nc3 c6 3. d3 h5 4. f3 Nf6 5. h3 g6 6. a4 d4 7. Nce2 e5 8. c3 c5 9.
b4 cxb4 10. cxb4 Bxb4+ 11. Bd2 Nc6 12. Rb1 Qd6 13. Nc1 Be6 14. Nge2 h4 15. g4
Nh7 16. Bg2 f5 17. Na2 Bxa2 18. Rb2 Be6 19. Qb1 a5 20. O-O Bxd2 21. Rxd2 Qb4 22.
Qc2 Bb3 23. Qc1 Bxa4 24. Rb2 Qe7 25. Ra2 Bb3 26. Rb2 a4 27. Qb1 Nb4 28. Rd1 O-O
29. Rdd2 Rac8 30. Nc1 Rc6 31. Nxb3 a3 32. Ra2 Nxa2 33. Qxa2 Rfc8 34. Na5+ Re6
35. gxf5 Ng5 36. fxe6 Nxe6 37. Nxb7 Kh7 38. Na5 Nf4 39. Bf1 Qg5+ 40. Kf2 Qg3#
0-1

[Event "Challenge"]
[Site "http://www.queenalice.com/game.php?id=1087259"]
[Date "2012.7.27"]
[Round "-"]
[White "ploofy"]
[Black "gambittree3"]
[Result "0-1"]
[WhiteElo "1280"]
[BlackElo "1300"]

1. e4 c5 2. Bc4 e6 3. d3 d5 4. Bb3 Nc6 5. Bd2 Bd6 6. c4 Nf6 7. exd5 exd5 8. cxd5
Qe7+ 9. Ne2 O-O 10. Nc3 Ne5 11. Qc2 Bf5 12. Nf4 g5 13. g3 gxf4 14. gxf4 Nfg4 15.
f3 Nxf3+ 16. Kd1 Nf2+ 17. Kc1 Nxh1 18. Be3 Qxe3+ 19. Kb1 Nd2+ 0-1

[Event "Challenge"]
[Site "http://www.queenalice.com/game.php?id=1087264"]
[Date "2012.7.27"]
[Round "-"]
[White "Rogerio11"]
[Black "ploofy"]
[Result "1/2-1/2"]
[WhiteElo "1301"]
[BlackElo "1304"]

1. e4 e5 2. Bc4 c6 3. Qf3 Qe7 4. d3 b5 5. Bb3 f6 6. c4 a6 7. a4 Qb4+ 8. Nd2 g5
9. Qh5+ Kd8 10. cxb5 axb5 11. Nf3 Be7 12. g4 bxa4 13. Qf7 axb3 14. Rxa8 Nh6 15.
Qg7 Nxg4 16. Qxh8+ Kc7 17. Qxh7 Qc5 18. O-O Kb7 19. Ra4 Bd6 20. Nxb3 Qc2 21.
Rb4+ Kc7 22. Qf5 Bxb4 23. Nbd2 Ba6 24. Qxg4 Bxd3 25. Kg2 d5 26. h4 dxe4 27. hxg5
fxg5 28. Nxe5 Bxd2 29. Qd1 Qc5 30. Qxd2 Qxe5 31. f3 Qd4 32. Qa5+ Kd6 33. Rh1 Qf6
34. fxe4 Bxe4+ 35. Kh2 g4 36. Qd2+ Ke7 37. Qe1 Qe5+ 38. Kg1 Qd4+ 39. Qf2 Qd1+
40. Qf1 Qd4+ 41. Qf2 Qe5 42. Bf4 Qb5 43. Qh4+ Kd7 44. Qxg4+ Ke7 45. Bg5+ Kd6 46.
Rh6+ Kc7 47. Qf4+ Kb6 48. Rh8 Qc5+ 49. Kh2 Qc2+ 50. Kh3 Qg2+ 51. Kh4 Qh1+ 52.
Kg4 Qg2+ 53. Kh5 Qh1+ 54. Bh4 Bf3+ 55. Kg5 Qg2+ 56. Kf5 Bd1 57. Rxb8+ Kc5 58.
Qe5+ Kc4 59. Be1 Qf3+ 60. Ke6 Qe2 61. Qxe2+ Bxe2 62. b3+ Kc5 63. Bb4+ Kd4 64.
Rc8 Bg4+ 65. Kd6 Bxc8 66. Kxc6 Be6 67. Bc5+ Kc3 68. b4 Bf7 69. b5 Be8+ 70. Kb6
Kc4 71. Be7 Bxb5 72. Kb7 Kd5 73. Kb6 Ba4 74. Ka5 Bc2 75. Kb6 Ke6 76. Bc5 Bd3 77.
Bg1 Kd6 78. Bc5+ Kd5 79. Bb4 Kc4 80. Ba5 Be4 81. Ka6 Kc5 82. Bb6+ 1/2-1/2

[Event "AUTO-BEG-551"]
[Site "http://www.queenalice.com/game.php?id=1089039"]
[Date "2012.7.31"]
[Round "1"]
[White "marconilho"]
[Black "ploofy"]
[Result "1-0"]
[WhiteElo "1548"]
[BlackElo "1310"]

1. e4 e5 2. Bc4 c6 3. Nf3 d5 4. exd5 cxd5 5. Bb3 f6 6. a3 Ne7 7. d3 Nec6 8. Bd2
a6 9. a4 Be6 10. h3 Bc5 11. Nc3 g5 12. Ne2 h5 13. Ba2 Be7 14. Nc3 Rg8 15. Bb3 g4
16. hxg4 Rxg4 17. g3 Bf7 18. Ba2 Nb4 19. Nh2 Qc8 20. Nf3 Re4+ 21. dxe4 Bg6 22.
Bxd5 Qd7 23. Nh4 Bh7 24. Qxh5+ Kd8 25. Qxh7 Nxc2+ 26. Kf1 Nxa1 27. Kg2 Nc2 28.
Rd1 Nc6 29. Be3 Nxe3+ 30. fxe3 Kc7 31. Bxc6 1-0

[Event "AUTO-BEG-551"]
[Site "http://www.queenalice.com/game.php?id=1089040"]
[Date "2012.7.31"]
[Round "1"]
[White "ploofy"]
[Black "marconilho"]
[Result "0-1"]
[WhiteElo "1304"]
[BlackElo "1542"]

1. e4 e5 2. Bc4 Nc6 3. Qf3 f6 4. g3 Nd4 5. Qd3 Nh6 6. f4 Bc5 7. c3 Nc6 8. b4 Ng4
9. bxc5 Nh6 10. Ba3 b6 11. cxb6 axb6 12. Bc1 Bb7 13. Qf3 g6 14. f5 g5 15. g4 Na5
16. Bd3 Nf7 17. a4 Nb3 18. Bb2 Nxa1 19. Bxa1 Rxa4 20. Bb2 Ra2 21. Ba3 Ra1 22. h4
Qa8 23. hxg5 fxg5 24. Qd1 Rxa3 25. Nxa3 Qxa3 26. Rh5 h6 27. Ne2 Bc6 28. Bc2 Qa8
29. Ng3 d6 30. d4 b5 31. d5 Bb7 32. Rh2 Kd7 33. Bd3 Ba6 34. Ra2 Rb8 35. Qa1 Rb6
36. Ra5 c6 37. dxc6+ Kxc6 38. Qa2 Nd8 39. f6 Nb7 40. Qd5+ Kc7 41. Qf7+ Kb8 42.
Qf8+ Ka7 43. Qxh6 d5 44. Ra3 Qd8 45. Qxg5 Rxf6 46. Bxb5 Rf1+ 47. Kxf1 Qxg5 48.
Rxa6+ Kb8 49. exd5 Qxg4 50. Ne2 Qf3+ 51. Ke1 Qxd5 52. Bc6 Qc4 53. Rb6 Kc7 54.
Bxb7 Kxb6 55. Ba8 e4 56. Kd2 Qa2+ 57. Ke3 Qxa8 58. Kd4 Qe8 59. c4 Kc6 60. c5 e3
61. Kc4 Qe7 62. Nd4+ Kb7 63. c6+ Kb6 64. Nf5 Qe4+ 65. Nd4 e2 0-1

[Event "AUTO-BEG-551"]
[Site "http://www.queenalice.com/game.php?id=1089057"]
[Date "2012.7.31"]
[Round "1"]
[White "ploofy"]
[Black "gambittree3"]
[Result "1-0"]
[WhiteElo "1278"]
[BlackElo "1313"]

1. e4 c5 2. Bc4 e6 3. g3 Nc6 4. Nf3 d5 5. Bf1 g6 6. d3 Nge7 7. Bh3 Bg7 8. O-O f6
9. b3 O-O 10. c4 e5 11. Bg2 Bg4 12. exd5 h5 13. dxc6 Bf5 14. cxb7 e4 15. Nh4 Bg4
16. Qe1 g5 17. Qxe4 f5 18. Qe6+ Kh7 19. bxa8=Q Qxa8 20. Bxa8 f4 21. Be4+ Ng6 22.
Qxg6+ Kg8 23. Qh7+ Kf7 24. Qg6+ Kg8 25. Re1 f3 26. Nf5 Bxf5 27. Bxf5 Rxf5 28.
Qxf5 g4 29. Re8+ 1-0

[Event "AUTO-BEG-551"]
[Site "http://www.queenalice.com/game.php?id=1089058"]
[Date "2012.7.31"]
[Round "1"]
[White "gambittree3"]
[Black "ploofy"]
[Result "0-1"]
[WhiteElo "1311"]
[BlackElo "1295"]

1. e4 e5 2. f4 exf4 3. Nf3 Qe7 4. b3 Qxe4+ 5. Be2 Nf6 6. d3 Qb4+ 7. Bd2 Qe7 8.
Bxf4 Nd5 9. O-O Nxf4 10. g3 Nxe2+ 11. Kh1 h6 12. Re1 Qf6 13. Qxe2+ Be7 14. c3
Nc6 15. Nbd2 O-O 16. Ne4 Qf5 17. Qg2 Re8 18. g4 Qd5 19. Red1 Ba3 20. g5 Qe6 21.
h4 Ne5 22. d4 Ng4 23. Re1 d5 24. Nc5 Qc6 25. Re5 Nxe5 26. Re1 Qd6 27. gxh6 Qxh6
28. Rxe5 Rd8 29. Qg5 Qf6 30. Qxf6 gxf6 31. h5 fxe5 32. dxe5 Kg7 33. e6 fxe6 34.
Ne5 Re8 35. c4 Bxc5 36. cxd5 exd5 0-1

[Event "Challenge"]
[Site "http://www.queenalice.com/game.php?id=1089487"]
[Date "2012.8.2"]
[Round "-"]
[White "paulove"]
[Black "ploofy"]
[Result "1-0"]
[WhiteElo "1925"]
[BlackElo "1312"]

1. d4 d5 2. Nc3 g6 3. e4 e6 4. Nf3 Nf6 5. e5 Nfd7 6. Bb5 c6 7. Ba4 b5 8. Bb3 Bg7
9. Ne2 O-O 10. c3 a5 11. O-O a4 12. Bc2 Qb6 13. Be3 Na6 14. Rb1 Ra7 15. Qd2 Rc7
16. b3 Qa5 17. b4 Qb6 18. Nc1 a3 19. Bh6 Bxh6 20. Qxh6 c5 21. bxc5 Naxc5 22. Ng5
Re8 23. Qxh7+ Kf8 24. Qxf7# 1-0

[Event "Challenge"]
[Site "http://www.queenalice.com/game.php?id=1095048"]
[Date "2012.8.20"]
[Round "-"]
[White "vangogh"]
[Black "ploofy"]
[Result "1-0"]
[WhiteElo "1402"]
[BlackElo "1315"]

1. e4 e5 2. Qf3 Nf6 3. Bc4 c6 4. d3 b5 5. Bb3 a5 6. a4 Bb4+ 7. c3 Bc5 8. g4 h6
9. c4 Bb4+ 10. Bd2 Bd6 11. axb5 cxb5 12. cxb5 Ra7 13. Nc3 g5 14. Be3 Rb7 15. Nd5
Nxd5 16. Bxd5 Rf8 17. Bd2 Rxb5 18. Bc4 Rb4 19. Bxb4 axb4 20. Ne2 b3 21. Nc1 Bb4+
22. Kf1 f6 23. Nxb3 d6 24. Ra8 Bb7 25. Ra4 Bd2 26. Nxd2 1-0

[Event "Challenge"]
[Site "http://www.queenalice.com/game.php?id=1099019"]
[Date "2012.9.2"]
[Round "-"]
[White "ploofy"]
[Black "zmanomega"]
[Result "0-1"]
[WhiteElo "1302"]
[BlackElo "1467"]

1. e4 e5 2. Nf3 f6 3. d3 Bb4+ 4. c3 Be7 5. g3 d6 6. Na3 Bg4 7. Bg2 Bxf3 8. Bxf3
c6 9. b4 b5 10. O-O g5 11. Nc2 Na6 12. Ne1 Qb6 13. Rb1 Bf8 0-1

[Event "conchiglioni"]
[Site "http://www.queenalice.com/game.php?id=1356866"]
[Date "2015.5.2"]
[Round "-"]
[White "magalhaes_br"]
[Black "ploofy"]
[Result "1-0"]
[WhiteElo "1390"]
[BlackElo "1293"]

1. c4 e5 2. Nc3 d6 3. Nf3 c5 4. b3 a6 5. a4 Nf6 6. e4 Nc6 7. d3 h6 8. h3 Be6 9.
Be3 Qa5 10. Qc2 b5 11. Be2 Rb8 12. Nh2 Nd7 13. f4 f6 14. f5 Bf7 15. g4 g6 16.
Qd1 h5 17. g5 1-0

[Event "Let's Play Chess!"]
[Site "http://www.queenalice.com/game.php?id=1357099"]
[Date "2015.5.3"]
[Round "-"]
[White "ploofy"]
[Black "Bategoll"]
[Result "0-1"]
[WhiteElo "1281"]
[BlackElo "1778"]

1. e4 Nc6 2. d3 e5 3. a3 d6 4. b4 f5 5. b5 Nd4 6. Qh5+ g6 7. Qg5 Nxc2+ 8. Kd1
Qxg5 9. Bxg5 Nxa1 10. exf5 Bxf5 11. f3 Nb3 12. g4 Be6 13. h3 Nd4 14. Rh2 h6 15.
Bd2 Bg7 16. a4 Nf6 17. Rg2 Nd5 18. h4 Rf8 19. Rg3 Nb3 0-1